Slovakia

Hypotekárny trh, hypotekárne záložné listy (mortgage bonds) a ich legislatívne podmienky na Slovensku v roku 2015 z pohľadu emitenta.

Saved in:
Bibliographic Details
Main Author: Horvátová, Eva, 1958-
Format: Book Chapter
Language:English
Subjects:
Tags: Add Tag
No Tags, Be the first to tag this record!

MARC

LEADER 00000nla a2200000 4500
001 0241713
005 20240502083648.8
041 0 |a eng 
044 |a BE 
245 1 0 |a Slovakia  |c Eva Horvátová 
520 |a Hypotekárny trh, hypotekárne záložné listy (mortgage bonds) a ich legislatívne podmienky na Slovensku v roku 2015 z pohľadu emitenta. 
610 2 0 |a banky 
610 2 0 |a trh finančný 
610 2 0 |a trh hypotekárny 
610 2 0 |a dlhopisy 
610 2 0 |a listy záložné hypotekárne 
610 2 0 |a emitenti 
610 2 0 |a legislatíva 
610 2 0 |a Slovensko 
100 1 |a Horvátová, Eva, 1958-